[Event "Angers op 2nd"]
[Site "Angers"]
[Date "2007.04.14"]
[Round "4.37"]
[White "Charpentier, Bruno"]
[Black "Sarasin, Philippe"]
[Result "1-0"]
[WhiteElo "1480"]
[BlackElo "1499"]
[PlyCount "91"]
[EventDate "2007.04.13"]
[EventType "swiss"]
[EventRounds "6"]
[EventCountry "FRA"]
[SourceTitle "CBM 117 Extra"]
[Source "ChessBase"]
[SourceDate "2007.05.09"]
[SourceVersion "1"]
[SourceVersionDate "2007.05.09"]
[SourceQuality "1"]

1. e4 d6 2. d4 g6 3. Nc3 Bg7 4. Be3 c6 5. Nf3 Nf6 6. h3 0-0 7. Qd2 Kh8 8. Be2 b5 9. e5 Ng8 10. 0-0-0 Nd7 11. exd6 exd6 12. Ne4 Nb6 13. h4 h6 14. c3 Nc4 15. Bxc4 bxc4 16. Bf4 Bf5 17. Nxd6 Be6 18. Rde1 Qa5 19. Kb1 Bf5+ 20. Nxf5 Qxf5+ 21. Ka1 Nf6 22. Re5 Ne4 23. Rxf5 Nxd2 24. Rc5 Nxf3 25. gxf3 Rfe8 26. Be3 Re6 27. Kb1 h5 28. Kc2 Kh7 29. Kd2 Bh6 30. Rxc4 a5 31. Re1 Rf6 32. f4 Bxf4 33. Bxf4 Rxf4 34. Re2 Rxh4 35. Rxc6 Rf4 36. Ke1 Rb8 37. d5 h4 38. Kf1 h3 39. Kg1 Kg7 40. d6 Rh8 41. Kh2 Rhh4 42. d7 Rfg4 43. f3 Rg2+ 44. Rxg2 hxg2+ 45. Kxg2 Rh8 46. Rc8 1-0

[Event "Angers op 2nd"]
[Site "Angers"]
[Date "2007.04.13"]
[Round "2.34"]
[White "Sarasin, Philippe"]
[Black "Soufflet, Jacques"]
[Result "0-1"]
[WhiteElo "1499"]
[BlackElo "1750"]
[PlyCount "22"]
[EventDate "2007.04.13"]
[EventType "swiss"]
[EventRounds "6"]
[EventCountry "FRA"]
[SourceTitle "CBM 117 Extra"]
[Source "ChessBase"]
[SourceDate "2007.05.09"]
[SourceVersion "1"]
[SourceVersionDate "2007.05.09"]
[SourceQuality "1"]

1. e4 e6 2. Nf3 Nf6 3. Nc3 d5 4. exd5 Nxd5 5. Nxd5 Qxd5 6. c4 Qd8 7. a3 c5 8. Be2 Be7 9. b3 Bf6 10. Rb1 Nc6 11. Bd3 Qxd3 0-1